Statistics for Premier League Transfers 2021-22 (Summer)

Click here to take the quiz!

General Stats

  • This quiz has been taken 42 times
  • The average score is 22 of 50

Answer Stats

PlayerNatonalityFromToFee% Correct
Darwin NunezUruguayBenfica (Portugal)Liverpool€64m
100%
Erling HaalandNorwayBorussia Dortmund (Germany)Manchester City€51.2m
97%
RicharlisonBrazilEvertonTottenham Hotspurs€60m
97%
Sadio ManéSenegalLiverpoolBayern Munich (Germany)€35m
97%
Gabriel JesusBrazilManchester CityArsenal€45m
94%
Raheem SterlingEnglandMan CityChelsesa€47.5m
88%
Lisandro MartinezArgentinaAjax (Netherlands)Manchester United€57m
85%
Kalidou KoulibalySenegalNapoli (Italy)Chelsea€33m
82%
RaphinhaBrazilLeeds UnitedBarcelona (Spain)€55m
79%
Sven BotmanNetherlandsLille (France)Newcastle United€32m
73%
Yves BissoumaMaliBrighton & Hove AlbionTottenham Hotspurs€25m
67%
Steven BergwijnNetherlandsTottenham HotspursAjax (Netherlands)€26.4m
64%
Philippe CoutinhoBrazilBarcelona (Spain)Aston Villa€17m
61%
Takumi MinaminoJapanLiverpoolMonaco (France)€15.5m
61%
Neco WilliamsWalesLiverpoolNottingham Forest€16m
58%
Tyler AdamsUnited StatesRb Leipzig (Germany)Leeds United€20m
58%
Diego CarlosBrazilSevilla (Spain)Aston Villa€26m
55%
Djed SpenceEngland/JamaicaMiddlesbroughTottenham Hotspurs€20m
55%
Nayef AguerdMoroccoRennes (France)West Ham United€30m
55%
Fabio VieiraPortugalPorto (Portugal)Arsenal€34.2m
48%
Tyrell MalaciaNetherlandsFeyenoord (Netherlands)Manchester United€13m
48%
Cheick DoucoureMaliLens (France)Crystal Palace€21m
42%
Luis SinisterraEcuadorFeyenoord (Netherlands)Leeds United€21m
42%
Nathan CollinsRepublic of IrelandBurnleyWolverhampton Wanderers€20.5m
42%
Gavin BazunuRepublic of IrelandManchester CitySouthampton€12m
39%
Matt TargettEnglandAston VillaNewcastle United€15m
39%
Aaron HickeyScotlandBologna (Italy)Brentford€18m
36%
Fabio CarvalhoPortugalFulhamLiverpool€7.7m
36%
Romeo LaviaBelgiumManchester CitySouthampton€10.5m
36%
Taiwo AwoniyiNigeriaUnion Berlin (Germany)Nottingham Forest€17m
36%
Andreas PereiraBrazilManchester UnitedFulham€10m
33%
Alphonse AreolaFrancePSG (France)West Ham United€10.5m
30%
Rasmus KristensenDenmarkRb Salzburg (Austria)Leeds United€11.7m
30%
Marc RocaSpainBayern Munich (Germany)Leeds United€10m
27%
Matteo GuendouziFranceArsenalMarseille (France)€9m
27%
Armel Bella-KotchapGermanyVfL Bochum (Germany)Southampton€8.6m
24%
Matt TurnerUnited StatesNew England Revolution (United States)Arsenal€5.7m
24%
Moussa NiakhateFranceMainz 05 (Germany)Nottingham Forest€9m
24%
Omar RichardsEnglandBayern Munich (Germany)Nottingham Forest€7.65m
24%
MarquinhosBrazilSao Paulo (Brazil)Arsenal€3.15m
21%
TrezeguetEgyptAston VillaTrabzonspor (Turkey)€3.6m
21%
Calvin RamsayScotlandAberdeen (Scotland)Liverpool€4.2m
18%
Julio EncisoParaguayLibertad (Paraguay)bRIGHTON u& hOVE aLBION€10.4m
18%
Robin OlsenSwedenRoma (Italy)Aston VIlla€3.15m
18%
Cameron Carter-VickersUnited StatesTottenham HotspursCeltic (Scotland)€6m
12%
Joe AriboNigeriaRangers (Scotland)Southampton€6.39m
9%
Leo Skiri OstigardNorwayBrighton & Hove AlbionNapoli (Italy)€4.50m
9%
Flynn DownesEnglandSwansea CityWest Ham United€12m
6%
Keane Lewis-PorterEnglandHull CityBrentford€20m
0%
Yehor YarmoliukUkraineSC Dnipro (Ukraine)Brentford€1.35m
0%

Score Distribution

Percentile by Number Answered

Percent of People with Each Score

Your Score History

You have not taken this quiz